Biochemistry and morphogenesis

This book introduce the morphogenetic substratum, the morphogenetic stimuli, the morphogenetic mechanisms. Glossary of some of the spechial terms used in thisc work.

שמור ב:
מידע ביבליוגרפי
מחבר ראשי: Needham, Joseph
פורמט: ספר
שפה:Undetermined
יצא לאור: Cambridge The University Press 1966
נושאים:
תגים: הוספת תג
אין תגיות, היה/י הראשונ/ה לתייג את הרשומה!
Thư viện lưu trữ: Trung tâm Học liệu Trường Đại học Cần Thơ
LEADER 00671nam a2200193Ia 4500
001 CTU_231472
008 210402s9999 xx 000 0 und d
082 |a 572 
082 |b N374 
100 |a Needham, Joseph 
245 0 |a Biochemistry and morphogenesis 
245 0 |c Joseph Needham 
260 |a Cambridge 
260 |b The University Press 
260 |c 1966 
520 |a This book introduce the morphogenetic substratum, the morphogenetic stimuli, the morphogenetic mechanisms. Glossary of some of the spechial terms used in thisc work. 
650 |a Hóa sinh học,Biochemistry 
910 |b dqhieu 
980 |a Trung tâm Học liệu Trường Đại học Cần Thơ